Human or Dog Name? - Statistics

General Stats
  • This quiz has been taken 18 times
  • The average score is 11 of 20
Answer Stats
Question Answer % Correct
Grace Human
93%
Rose Human
87%
Amber Human
87%
Winston Dog
80%
Max Dog
80%
Billy Human
67%
Sage Dog
60%
Charles Human
60%
Walter Human
60%
Pablo Dog
53%
Maggie Dog
53%
Romeo Dog
47%
Ruby Dog
47%
Earl Human
47%
Harper Dog
33%
Calvin Dog
33%
Barb Dog
33%
Abby Dog
20%
Penelope Dog
20%
Caroline Dog
0%
No matching quizzes found
Score Distribution
Percent of People with Each Score
Percentile by Number Answered
Your Score History
You have not taken this quiz